| 000 | 01293nam0a2200301 4500 | ||
|---|---|---|---|
| 001 | RU\NLR\BIBL_A\011886417 | ||
| 005 | 20260607072616.0 | ||
| 035 | _a(NLR Aleph) 011886417 | ||
| 090 |
_a12268670 _c12268670 |
||
| 100 | _a20181207d1967 |||y0rusy50 ca | ||
| 101 | 0 | _aava | |
| 102 | _aRU | ||
| 105 | _ay z 000yy | ||
| 200 | 1 |
_aРасул ХIамзатов - рагIул устар _fХIамзат Гъазиев |
|
| 210 |
_aМахачкала _cДагучпедгиз _d1967 |
||
| 215 |
_a54,[2] с. _d20 |
||
| 320 | _aБиблиогр. в подстроч. примеч. | ||
| 541 | 1 |
_6z01790 _aРасул Гамзатов - мастер слова _zrus |
|
| 600 | 1 |
_aГамзатов _bР. Г. _f1923 - 2003 _gРасул Гамзатович _91093220 _3RU\NLR\AUTH\66110060 |
|
| 606 | 1 |
_aАварская литература _92405516 _3RU\NLR\AUTH\6601653059 |
|
| 686 | 1 | _aШ5(2=Ав)7-4Гамзатов | |
| 700 | 1 |
_aГъазимирзаев _bХI. _f1927-1994 _gХIажи _4070 |
|
| 702 | 1 |
_4570 _7ca _8ava _aХIамзатов _bР. _f1923-2003 _gРасул _3RU\NLR\AUTH\770137258 _9137223 |
|
| 790 | 1 |
_6z01541 _aКазиев _bГ. К. _gГамзат Казимагимедович _4070 |
|
| 852 |
_aNLR _bОНЛ _jАвар./2-830 |
||
| 942 | _cBOOK | ||
| 980 | _aNB | ||